000 00576nam a22002177a 4500
003 UA-OsUOA
001 64983
007 ta
008 20091111b un ||||| |||| 00| 0 ukr d
090 _a94(477.51).04
_bК17
942 _cBK
040 _aUA-OsUOA
_bukr
_cUA-OsUOA
_dUA-OsUOA
245 _aКалендар Чернігівщина - земля козацька
300 _a766 с.
955 _a2
041 _aukr
080 _a94(477.51).04
260 _aК.
_c1999
650 7 _a9 Географія. Біографії. Історія
_2UDC
999 _c351091
_d351091